[Event "Utrera op 14th"]
[Site "Utrera"]
[Date "2016.07.12"]
[Round "1.4"]
[White "Gonzalez Lopez, Jose Antonio"]
[Black "Starostits, Ilmars"]
[Result "0-1"]
[WhiteElo "1719"]
[BlackElo "2443"]
[PlyCount "48"]
[EventDate "2016.07.12"]
[EventType "swiss"]
[EventRounds "9"]
[EventCountry "ESP"]
[SourceTitle "EXT 2024"]
[Source "ChessBase"]
[SourceDate "2023.10.10"]
[SourceVersion "1"]
[SourceVersionDate "2023.10.10"]
[SourceQuality "1"]

1. d4 Nf6 2. c4 g6 3. Nc3 d5 4. g3 dxc4 5. Qa4+ Nc6 6. e3 Bg7 7. Bg2 0-0 8. Qxc4 Be6 9. Qe2 Na5 10. Nf3 Bc4 11. Qc2 c5 12. Bf1 Bxf1 13. Kxf1 cxd4 14. exd4 Nd5 15. Be3 Rc8 16. Kg2 Nc4 17. Rhe1 b5 18. Qe2 Ncxe3+ 19. fxe3 Nxc3 20. bxc3 Rxc3 21. Qxb5 Bh6 22. Kf2 Qc7 23. Re2 Bxe3+ 24. Rxe3 Rxe3 0-1

[Event "Malaga op 13th"]
[Site "Malaga"]
[Date "2010.02.21"]
[Round "3"]
[White "Gonzalez Lopez, Jose Antonio"]
[Black "Medina Menendez, Eduardo Matias"]
[Result "0-1"]
[WhiteElo "1799"]
[BlackElo "2109"]
[PlyCount "50"]
[EventDate "2010.02.20"]
[EventType "swiss"]
[EventRounds "9"]
[EventCountry "ESP"]
[SourceTitle "CBM 135 Extra"]
[Source "ChessBase"]
[SourceDate "2010.05.04"]
[SourceVersion "1"]
[SourceVersionDate "2010.05.04"]
[SourceQuality "1"]

1. Nf3 Nf6 2. c4 c5 3. Nc3 g6 4. g3 Bg7 5. Bg2 0-0 6. 0-0 d5 7. cxd5 Nxd5 8. Nxd5 Qxd5 9. Qc2 c4 10. d3 cxd3 11. Qxd3 Qxd3 12. exd3 Nc6 13. Rd1 Rd8 14. d4 Bg4 15. h3 Bxf3 16. Bxf3 Nxd4 17. Rd3 Nxf3+ 18. Rxf3 Rd1+ 19. Kg2 Rc8 20. Re3 e6 21. Rb3 b6 22. a4 Rcxc1 23. Rxc1 Rxc1 24. a5 Bd4 25. axb6 axb6 0-1